El conocimiento de los pescadores artesanales: (Registro nro. 19739)

Detalles MARC
000 -CABECERA
Campo de control 01192nam a22002897a 4500
005 - FECHA Y HORA DE LA ULTIMA TRANSACCION
Campo de control 20170816165246.0
008 - ELEMENTOS DE LONGITUD FIJA—INFORMACION GENERAL
Campo de control 170816b2015 ck ||||| |||| 00| 0 spa d
020 ## - ISBN
ISBN 9789585797468
040 ## - FUENTE DE CATALOGACIÓN
Agencia catalogadora original CO-BoIAVH
Agencia transcriptora CO-BoIAVH
041 ## - IDIOMA
Código de idioma para texto/pista de sonido o título separado Español
082 ## - NUMERO DE CLASIFICACION DECIMAL DEWEY
Número de clasificación 639.2092
Número del ítem S11e
110 ## - ASIENTO PRINCIPAL--NOMBRE CORPORATIVO
Nombre corporativo o de jurisdicción como elemento de entrada Saavedra Diaz, Lina
9 (RLIN) 83175
245 13 - MENCION DE TITULO
Título El conocimiento de los pescadores artesanales:
Parte restante del título una herramienta para el manejo participativo de nuestros recursos Pesqueros
260 ## - PUBLICACION, DISTRIBUCION, ETC. (PIE DE IMPRENTA)
Lugar de publicación, distribución, etc. Bogotá:
Nombre del editor, distribuidor, etc. Aunap,
-- Universidad del Magdalena,
Fecha de publicación, distribución, etc. 2015.
300 ## - DESCRIPCION FISICA
Extensión 56 páginas
Otros detalles físicos ilustraciones a color, gráficas,fotografías a color
Dimensiones 28 x 21
650 14 - ASIENTO SECUNDARIO DE MATERIA - TERMINO TEMATICO
Término temático o nombre geográfico como elemento de entrada Pesca artesanal
Subdivisión general Uso sostenible
Subdivisión geográfica Colombia
9 (RLIN) 83180
650 14 - ASIENTO SECUNDARIO DE MATERIA - TERMINO TEMATICO
Término temático o nombre geográfico como elemento de entrada Conocimiento tradicional
Subdivisión general Pescadores
Subdivisión geográfica Colombia
9 (RLIN) 83181
650 14 - ASIENTO SECUNDARIO DE MATERIA - TERMINO TEMATICO
Término temático o nombre geográfico como elemento de entrada Recurso pesqueros
Subdivisión general Manejo participativo
Subdivisión geográfica Colombia
9 (RLIN) 83182
650 14 - ASIENTO SECUNDARIO DE MATERIA - TERMINO TEMATICO
Término temático o nombre geográfico como elemento de entrada Manejo de recursos
Subdivisión general Comunidades piloto
Subdivisión geográfica Colombia
9 (RLIN) 83183
700 ## - ASIENTO SECUNDARIO - NOMBRE PERSONAL
Nombre personal Manjarrés Martinez, Luis
9 (RLIN) 48292
700 ## - ASIENTO SECUNDARIO - NOMBRE PERSONAL
Nombre personal Duarte, Luis Orlando
9 (RLIN) 83184
700 ## - ASIENTO SECUNDARIO - NOMBRE PERSONAL
Nombre personal Cuello, Felix
9 (RLIN) 83185
700 ## - ASIENTO SECUNDARIO - NOMBRE PERSONAL
Nombre personal Botto Barrios, Darlin
9 (RLIN) 83186
700 ## - ASIENTO SECUNDARIO - NOMBRE PERSONAL
Nombre personal Angel Yunda, Catalina
9 (RLIN) 83187
700 ## - ASIENTO SECUNDARIO - NOMBRE PERSONAL
Nombre personal Gonzáles Pabón, María de los Ángeles
9 (RLIN) 83188
942 ## - ELEMENTOS ADICIONALES (KOHA)
Sistema de clasificación Dewey Decimal Classification
Tipo de ítem Libro
Existencias
Withdrawn status Lost status Sistema de Clasificación Damaged status No para préstamo Colección Inventariado Ubicación Permanente Ubicación actual Fecha de adquisición Fuente de Valor Valor Total Checkouts Número topográfico Inventario / Código de Barras Date last seen Ejemplar Price effective from Forma de adquisición Tipo de material
    Dewey Decimal Classification     General Inventariado 2017 Bogotá Bogotá 16/08/2017 Instituto 39000.00   LB-639.2092 S11e 042756 16/08/2017 Ej. 1 16/08/2017 Canje Libro